000 00487nam a2200169 i 4500
001 74756
003 ES-MaACL
005 20230906172232.0
007 t|
008 040921s1968 sp ||||1| spa d
100 1 _aGraaf, J. de.
_959437
245 1 0 _aMoral, marxismo y ética en la versión soviética /
_cJ. de Graaf ; [tradujo, Diorki].
260 _aSalamanca :
_bSígueme,
_c1968.
300 _a96 p. ;
_c19 cm.
710 2 _aDiorki.
_93392
852 _aES-MaACL
_jC-51062
_bR.66220
999 _c74756
_d74756